Statistiken für Nordamerikanische Hauptstädte - Karten-Quiz

Klicken Sie hier um das Quiz zu spielen!

Allgemein

  • Dieses Quiz wurde 335 mal gespielt
  • Das Durchschnittsergebnis liegt bei 16 aus 23

Antwortstatistiken

Answer % Korrekt
Washington D.C.
100%
Ottawa
98%
Mexiko-Stadt
98%
Panama-Stadt
92%
Havanna
92%
Nassau
85%
San Salvador
82%
Port-au-Prince
80%
Guatemala-Stadt
79%
Kingston
78%
Santo Domingo
76%
San José
72%
Port of Spain
69%
Belmopan
69%
Tegucigalpa
68%
Managua
65%
Bridgetown
51%
Roseau
43%
St. John's
39%
Castries
38%
St. George's
37%
Basseterre
36%
Kingstown
35%

Verteilung der Resultate

Perzentil nach korrekt beantworteten Fragen

Anzahl Personen mit jedem Resultat

Ihre Resultats-Entwicklung

Sie haben dieses Quiz noch nicht gespielt